000 00862nam a2200253 a 4500
003 OSt
005 20230822120605.0
007 ta
008 230204s2013 mx ||||| |||| 001 0 spa d
020 _a9786071715906
040 _cCHAP
082 0 0 _222
_a635.3
_bG93
100 1 _9143706
_aGuevara Arauza, Juan Carlos
245 1 0 _aTecnología poscosecha y efectos biofuncionales del nopal y la tuna /
_cPor Juan Carlos Guevara Arauza y José de Jesús Ornelas Paz.
264 1 _aMéxico :
_bTrillas,
_c2013.
300 _a236 páginas:
_bFiguras y tablas.
504 _aBibliografía páginas 188-193.
650 4 _981699
_aNopal
_xTecnología postcosecha
650 4 _981651
_aNopal
_xAprovechamiento
650 4 _981692
_aNopal
_xProducción
650 4 _9187543
_aTuna
_xValor nutritivo
700 1 _9174561
_aOrnelas Paz, José de Jesús
942 _cLibro
_2ddc
999 _c218256
_d218256